Building Intelligent Application with Generative AI (Record no. 13001)

MARC details
000 -LEADER
fixed length control field 00418nam a2200169 4500
003 - CONTROL NUMBER IDENTIFIER
control field OSt
008 - FIXED-LENGTH DATA ELEMENTS--GENERAL INFORMATION
fixed length control field 250122b |||||||| |||| 00| 0 eng d
020 ## - INTERNATIONAL STANDARD BOOK NUMBER
International Standard Book Number 9789355519139
082 ## - DEWEY DECIMAL CLASSIFICATION NUMBER
Classification number 006.3
Item number RAB
100 ## - MAIN ENTRY--PERSONAL NAME
Personal name RAMHORRY, Yattish
245 ## - TITLE STATEMENT
Title Building Intelligent Application with Generative AI
250 ## - EDITION STATEMENT
Edition statement 3rd
Remainder of edition statement Rep.
260 ## - PUBLICATION, DISTRIBUTION, ETC. (IMPRINT)
Name of publisher, distributor, etc BPB Publication
Date of publication, distribution, etc 2025
300 ## - PHYSICAL DESCRIPTION
Extent 248
650 ## - SUBJECT ADDED ENTRY--TOPICAL TERM
Topical term or geographic name as entry element B Tech CSE
942 ## - ADDED ENTRY ELEMENTS (KOHA)
Source of classification or shelving scheme Dewey Decimal Classification
Koha item type Text Books
Holdings
Withdrawn status Lost status Source of classification or shelving scheme Damaged status Not for loan Collection code Home library Current library Date acquired Source of acquisition Currency Cost, normal purchase price Bill Number Total Checkouts Full call number Acc. no. / Barcode Date last seen Actual Cost, discounted price Bill Date Koha item type Public note Date last borrowed
    Dewey Decimal Classification     B.Tech(CSE) PIET C-LIBRARY PIET C-LIBRARY 24/09/2024 Shop Your Books INR 999.00 IN-4   006.3 RAB 38556 22/01/2025 759.00 24/09/2024 Reference Books Decentralization  
    Dewey Decimal Classification     B.Tech(CSE) PIET C-LIBRARY PIET C-LIBRARY 24/09/2024 Shop Your Books INR 999.00 IN-4   006.3 RAB 38557 22/01/2025 759.00 24/09/2024 Text Books Decentralization  
    Dewey Decimal Classification     Computer Science and Engineering in AI & Data Science PIET C-LIBRARY PIET C-LIBRARY 20/08/2024 Shop Your Books INR 999.00 IN3 1 006.3 RAB 38571 22/04/2025 760.00 20/08/2024 Text Books Decentralization 09/04/2025
    Dewey Decimal Classification     B.Tech(CSE) PIET C-LIBRARY PIET C-LIBRARY 15/10/2024 MK Books INR 999.00 IN5   006.3 RAB 38590 24/01/2025 759.00 15/10/2024 Text Books Decentralization  
    Dewey Decimal Classification     B.Tech(CSE) PIET C-LIBRARY PIET C-LIBRARY 15/10/2024 MK Books INR 999.00 IN5   006.3 RAB 38591 24/01/2025 759.00 15/10/2024 Text Books Decentralization  
    Dewey Decimal Classification     B.Tech(CSE) PIET C-LIBRARY PIET C-LIBRARY 11/04/2025 Zaffa Books INR 999.00 ZBD0033   006.3 RAB 39211 18/04/2025 729.27 11/04/2025 Text Books    
    Dewey Decimal Classification     B.Tech(CSE) PIET C-LIBRARY PIET C-LIBRARY 11/04/2025 Zaffa Books INR 999.00 ZBD0033   006.3 RAB 39212 18/04/2025 729.27 11/04/2025 Text Books    
    Dewey Decimal Classification     B.Tech(CSE) PIET C-LIBRARY PIET C-LIBRARY 11/04/2025 Zaffa Books INR 999.00 ZBD0033   006.3 RAB 39213 18/04/2025 729.27 11/04/2025 Text Books    
    Dewey Decimal Classification     B.Tech(CSE) PIET C-LIBRARY PIET C-LIBRARY 11/04/2025 Zaffa Books INR 999.00 ZBD0033   006.3 RAB 39214 18/04/2025 729.27 11/04/2025 Text Books    
    Dewey Decimal Classification     B.Tech(CSE) PIET C-LIBRARY PIET C-LIBRARY 11/04/2025 Zaffa Books INR 999.00 ZBD0033 1 006.3 RAB 39215 09/10/2025 729.27 11/04/2025 Text Books   25/09/2025

Design & Developed by: PIET Central Library
R70 Miles Stone Pattikalyana Samalkha Panipat 132102
mail ID :- [email protected], Phone No:- 0180-2569700 Ex.216